01018 2200313 4500001002100000005001500021035002000036007000300056008004100059020002200100082001500122084001500137245013600152250003300288300004900321650002200370700003600392710003200428264003100460336002100491337003000512338002300542040002200565090001700587500004800604850001200652990002000664990002000684INLIS00000000089150920241203094922 a0010-1224000056ta241203s2024 jkia b 1 ind d a978-602-05-3003-104223a028.55 a028.55 RIR00aRiri kumpulan dongeng dunia :blebih dari 40 cerita dari seluruh penjuru dunia /cTim Educa Studio; penyunting, Gina RIzki Septiani aCetakan ketiga: Agustus 2024 aiv, 96 halaman :bilustrasi, gambar ;c26 cm 4aBacaan kanak-anak0 aGina RIzki SeptianiePenyunting2 aTim Educa StudioePengarang31aJakarta :bGrasindo,c2024 2rdacontentateks 2rdamediaatanpa perantara 2rdacarrieravolume aYOPDYOGbinderda aK 028.55 RIR aDiterbitkan bekerjasama dengan Educa Studio aYOPDYOG a48534-PD/B.2024 a48535-PD/B.2024